00490nam a2200169Ia 4500003000400000005001700004008004100021020001800062040000900080082001900089100004000108245006600148250001200214260006400226300000900290650002100299OSt20221114120013.0190216s9999||||xx |||||||||||||| ||und|| a9780070473775 coclc a005.133bHUB/T1 aHubbard, J. R.q(John Rast),d1943- 0aTheory and Problems Of Programming With C++ /cJohn R Hubbard a2nd Ed. bTata Mcgraw Hill Publishing Company Ltd,c2000.aNew Delhi: a422p aComputer Science